<?xml version="1.0" encoding="UTF-8"?>
<marc:record xmlns:marc="http://www.loc.gov/MARC21/slim">
   <marc:leader>00000nam a2200000 a 4500</marc:leader>
   <marc:datafield ind1=" " ind2=" " tag="653">
      <marc:subfield code="a">Kleinkind</marc:subfield>
   </marc:datafield>
   <marc:datafield ind1=" " ind2=" " tag="653">
      <marc:subfield code="a">DVD</marc:subfield>
   </marc:datafield>
   <marc:datafield ind1="0" ind2="0" tag="245">
      <marc:subfield code="a">Robin Hood - Schlitzohr von Sherwood - Folge 2</marc:subfield>
   </marc:datafield>
   <marc:datafield ind1="0" ind2="0" tag="245">
      <marc:subfield code="b">Der König der Diebe</marc:subfield>
   </marc:datafield>
   <marc:datafield ind1=" " ind2="1" tag="264">
      <marc:subfield code="c">2015</marc:subfield>
   </marc:datafield>
   <marc:datafield ind1="1" ind2=" " tag="520">
      <marc:subfield code="a">Die französisch-deutsche 3D-Animationsserie erzählt von den Jugendjahren des weltberühmten Kämpfers gegen Ungerechtigkeit und Willkür der Reichen und Mächtigen. Mit Pfeil und Bogen und mit der Hilfe seiner Freunde Marian, Bruder Tuck, Little John und dem frechen Mädchen Scarlett überlistet der zehnjährige Robin Hood immer wieder den ebenfalls jugendlichen Königssohn Prinz John und seine fiese Bande, die das Volk rund um den Sherwood Forest mit Gemeinheiten unterdrücken.&lt;br/&gt;&lt;br/&gt;Episoden:&lt;br/&gt;01 Der Doppelgänger &lt;br/&gt;02 Die Jagd nach dem Schatz&lt;br/&gt;03 Der Puppenspieler &lt;br/&gt;04 Der König der Diebe</marc:subfield>
   </marc:datafield>
   <marc:datafield ind1="3" ind2=" " tag="024">
      <marc:subfield code="a">4029759104193</marc:subfield>
   </marc:datafield>
   <marc:datafield ind1=" " ind2=" " tag="041">
      <marc:subfield code="a">ger</marc:subfield>
   </marc:datafield>
   <marc:datafield ind1="1" ind2=" " tag="521">
      <marc:subfield code="a">0</marc:subfield>
   </marc:datafield>
   <marc:datafield ind1=" " ind2=" " tag="306">
      <marc:subfield code="a">00:50:00</marc:subfield>
   </marc:datafield>
   <marc:datafield ind1=" " ind2=" " tag="300">
      <marc:subfield code="a">1 DVD</marc:subfield>
   </marc:datafield>
</marc:record>
